Identity : (Record no. 26739)
[ view plain ]
| 000 -LEADER | |
|---|---|
| fixed length control field | 01247cam a22003014a 4500 |
| 001 - CONTROL NUMBER | |
| control field | 13342466 |
| 005 - DATE AND TIME OF LATEST TRANSACTION | |
| control field | 20170206104143.0 |
| 008 - FIXED-LENGTH DATA ELEMENTS--GENERAL INFORMATION | |
| fixed length control field | 030912s2004 enk b 001 0 eng |
| 010 ## - LIBRARY OF CONGRESS CONTROL NUMBER | |
| LC control number | 2003020403 |
| 020 ## - INTERNATIONAL STANDARD BOOK NUMBER | |
| International Standard Book Number | 0745633080 (alk. paper) |
| 020 ## - INTERNATIONAL STANDARD BOOK NUMBER | |
| International Standard Book Number | 0745633099 (pbk. : alk. paper) |
| 050 00 - LIBRARY OF CONGRESS CALL NUMBER | |
| Classification number | BD236 .B39 2004 |
| 100 1# - MAIN ENTRY--PERSONAL NAME | |
| Personal name | Bauman, Zygmunt, |
| Dates associated with a name | 1925- |
| 245 10 - TITLE STATEMENT | |
| Title | Identity : |
| Remainder of title | conversations with Benedetto Vecchi / |
| Statement of responsibility, etc. | Zygmunt Bauman. |
| 260 ## - PUBLICATION, DISTRIBUTION, ETC. (IMPRINT) | |
| Place of publication, distribution, etc. | Cambridge, UK ; |
| -- | Malden, MA : |
| Name of publisher, distributor, etc. | Polity Press, |
| Date of publication, distribution, etc. | 2004. |
| 300 ## - PHYSICAL DESCRIPTION | |
| Extent | 104 p. ; |
| Dimensions | 20 cm. |
| 440 #0 - SERIES STATEMENT/ADDED ENTRY--TITLE | |
| Title | Themes for the 21st century |
| 504 ## - BIBLIOGRAPHY, ETC. NOTE | |
| Bibliography, etc | Includes bibliographical references (p. [99]-101) and index. |
| 650 #0 - SUBJECT ADDED ENTRY--TOPICAL TERM | |
| Topical term or geographic name as entry element | Identity (Philosophical concept) |
| 700 1# - ADDED ENTRY--PERSONAL NAME | |
| Personal name | Vecchi, Benedetto. |
| 856 41 - ELECTRONIC LOCATION AND ACCESS | |
| Materials specified | Table of contents |
| Uniform Resource Identifier | <a href="http://www.loc.gov/catdir/toc/ecip049/2003020403.html">http://www.loc.gov/catdir/toc/ecip049/2003020403.html</a> |
| 942 ## - ADDED ENTRY ELEMENTS (KOHA) | |
| Source of classification or shelving scheme | |
| Koha item type | Hard Covered Materials |
| Withdrawn status | Lost status | Source of classification or shelving scheme | Damaged status | Not for loan | Home library | Current library | Shelving location | Date acquired | Source of acquisition | Total Checkouts | Full call number | Barcode | Date last seen | Price effective from | Koha item type |
|---|---|---|---|---|---|---|---|---|---|---|---|---|---|---|---|
| MACHAKOS UNIVERSITY LIBRARY | MACHAKOS UNIVERSITY LIBRARY | Technical section | 06/02/2017 | Donation(BFA) | BD236 .B39 2004 | 34387 | 13/07/2018 | 06/02/2017 | Hard Covered Materials |